Hóa lí (Dùng cho sinh viên hóa các trường đại học Tổng hợp và Sư phạm)

Salvato in:
Dettagli Bibliografici
Autore principale: Trần, Văn Nhân
Natura: Libro
Lingua:Undetermined
Pubblicazione: Hà Nội Giáo Dục 1998
Soggetti:
Tags: Aggiungi Tag
Nessun Tag, puoi essere il primo ad aggiungerne! !
Thư viện lưu trữ: Trung tâm Học liệu Trường Đại học Cần Thơ
LEADER 00656nam a2200193Ia 4500
001 CTU_121847
008 210402s9999 xx 000 0 und d
020 |c 11600 
082 |a 541.3 
082 |b Nh121/T.1 
100 |a Trần, Văn Nhân 
245 0 |a Hóa lí 
245 0 |b (Dùng cho sinh viên hóa các trường đại học Tổng hợp và Sư phạm) 
245 0 |c Trần Văn Nhân, Nguyễn Thạc Sửu, Nguyễn Văn Tuế 
260 |a Hà Nội 
260 |b Giáo Dục 
260 |c 1998 
650 |a Chemistry, physical and theoretical 
980 |a Trung tâm Học liệu Trường Đại học Cần Thơ